Eurovision Song contest Winners in 2 minutes - Statistics

General Stats
  • This quiz has been taken 435 times
    73 since last reset
  • The average score is 68 of 71
Answer Stats
Hint Answer % Correct
1956 Switzerland
100%
1988 Switzerland
100%
2024 Switzerland
100%
1967 United Kingdom
100%
1969 United Kingdom
100%
1976 United Kingdom
100%
1981 United Kingdom
100%
1997 United Kingdom
100%
1970 Ireland
98%
1980 Ireland
98%
1987 Ireland
98%
1992 Ireland
98%
1993 Ireland
98%
1994 Ireland
98%
1996 Ireland
98%
1964 Italy
98%
1990 Italy
98%
2021 Italy
98%
1985 Norway
98%
1995 Norway
98%
2009 Norway
98%
1966 Austria
97%
2014 Austria
97%
1982 Germany
97%
2010 Germany
97%
1957 Netherlands
97%
1959 Netherlands
97%
1969 Netherlands
97%
1975 Netherlands
97%
2019 Netherlands
97%
2017 Portugal
97%
1974 Sweden
97%
1984 Sweden
97%
1991 Sweden
97%
1999 Sweden
97%
2012 Sweden
97%
2015 Sweden
97%
2023 Sweden
97%
1963 Denmark
95%
2000 Denmark
95%
2013 Denmark
95%
2006 Finland
95%
1958 France
95%
1560 France
95%
1962 France
95%
1969* France
95%
1977 France
95%
2008 Russia
95%
2004 Ukraine
94%
2016 Ukraine
94%
2022 Ukraine
94%
2005 Greece
92%
1978 Israel
92%
1979 Israel
92%
1998 Israel
92%
2018 Israel
92%
1961 Luxembourg
92%
1965 Luxembourg
92%
1972 Luxembourg
92%
1973 Luxembourg
92%
1983 Luxembourg
92%
1968 Spain
92%
1969 Spain
92%
2003 Turkey
92%
2007 Serbia
91%
2011 Azerbaijan
89%
1986 Belgium
89%
2001 Estonia
86%
2002 Latvia
86%
1971 Monaco
83%
1989 Yugoslavia
83%
No matching quizzes found
Score Distribution
Percent of People with Each Score
Percentile by Number Answered
Your Score History
You have not taken this quiz since the last reset